00347nam a2200121Ia 4500008004100000082002000041100002200061245003300083260003000116300000900146630001800155650005200173211118s9999||||xx |||||||||||||| ||und|| a894.8121bSAT-S aSatchidanandan, K 0aSambhashanathinu Oru Shramam bD c BooksaKottayamc2000 a120p xGeneral Stack aMalayalam LiteraturevMalayalam PoetryMalayalam